[Event "XXI Festival Conca della Presolana A"]
[Site "Bratto - Castione della Presolana ITA"]
[Date "2001.08.29"]
[Round "8"]
[White "Lanzani, Mario"]
[Black "Komarov, Dimitri"]
[Result "1/2-1/2"]
[WhiteElo "2380"]
[BlackElo "2525"]
[PlyCount "98"]
[EventDate "2001.08.22"]

1.d4 d5 2.c4 c6 3.cxd5 cxd5 4.Nc3 e5 5.e3 e4 6.Nh3 Bxh3 7.gxh3 Nf6 8.Bg2 
Bb4 9.Bd2 Bxc3 10.Bxc3 Nc6 11.Qb3 Qd7 12.Bb4 Nxb4 13.Qxb4 O-O-O 14.O-O Kb8
15.Rfc1 Rc8 16.Rc3 Rxc3 17.bxc3 Rc8 18.Rc1 Ne8 19.c4 Nd6 20.c5 Nf5 21.c6 
Rxc6 22.Rxc6 Qxc6 23.Qf8+ Kc7 24.Qxf7+ Qd7 25.Qf8 a6 26.f3 exf3 27.Bxf3 
Qe6 28.Qc5+ Kb8 29.Qf8+ Kc7 30.Qc5+ Qc6 31.Qxc6+ Kxc6 32.Kf2 b5 33.Ke2 a5 
34.Kd3 Nd6 35.Kc3 h6 36.Bh1 g5 37.Bf3 Ne8 38.e4 dxe4 39.Bxe4+ Kd6 40.Kb3 
Nc7 41.h4 gxh4 42.a4 bxa4+ 43.Kxa4 Ne6 44.Kxa5 Nxd4 45.Kb4 Ke5 46.Bb7 Kf4 
47.Kc3 Ke3 48.h3 h5 49.Bc8 Ne2+ 1/2-1/2

[Event "XXI Festival Conca della Presolana A"]
[Site "Bratto - Castione della Presolana ITA"]
[Date "2001.08.29"]
[Round "8"]
[White "Lapiccirella, Daniele"]
[Black "Rossi, Giampiero"]
[Result "1-0"]
[WhiteElo "2098"]
[BlackElo "2119"]
[PlyCount "69"]
[EventDate "2001.08.22"]

1.d4 d5 2.c4 e6 3.Nf3 Nf6 4.e3 c6 5.Bd3 Nbd7 6.O-O Bd6 7.Nbd2 O-O 8.e4 
dxe4 9.Nxe4 Nxe4 10.Bxe4 Nf6 11.Bc2 b6 12.Bg5 h6 13.Bh4 Be7 14.Qd3 Re8 15.
Rad1 Bb7 16.Rfe1 Qd6 17.Bg3 Qb4 18.Qb3 Rad8 19.Ne5 Qxb3 20.Bxb3 Nh5 21.Ba4
Rc8 22.d5 exd5 23.cxd5 Bb4 24.dxc6 Bxc6 25.Bxc6 Rxc6 26.Nxc6 Rxe1+ 27.Rxe1
Bxe1 28.Nxa7 Nxg3 29.hxg3 Bb4 30.a3 Bc5 31.b4 Bd4 32.Nc6 Bb2 33.a4 Kf8 34.
a5 bxa5 35.bxa5 1-0

[Event "XXI Festival Conca della Presolana A"]
[Site "Bratto - Castione della Presolana ITA"]
[Date "2001.08.29"]
[Round "8"]
[White "Lapiccirella, Mattia"]
[Black "Sbarra, Marco"]
[Result "1-0"]
[WhiteElo "2146"]
[BlackElo "2305"]
[PlyCount "47"]
[EventDate "2001.08.22"]

1.d4 d5 2.c4 dxc4 3.Qa4+ c6 4.Qxc4 Nf6 5.Nf3 g6 6.Nc3 Bg4 7.Ng5 Be6 8.Nxe6
fxe6 9.Qxe6 Na6 10.e3 Nc7 11.Qb3 Qc8 12.Be2 e6 13.O-O Bg7 14.e4 O-O 15.Be3
Kh8 16.Rac1 b6 17.Rfd1 Qb7 18.Bf3 Rad8 19.Ne2 Rd7 20.Nf4 Re7 21.d5 cxd5 
22.Bc5 Nxe4 23.Nxg6+ hxg6 24.Bxe7 1-0

[Event "XXI Festival Conca della Presolana A"]
[Site "Bratto - Castione della Presolana ITA"]
[Date "2001.08.29"]
[Round "8"]
[White "Luchsinger, Eric"]
[Black "Osuna Munoz, Xavier"]
[Result "1-0"]
[WhiteElo "2094"]
[BlackElo "2109"]
[PlyCount "81"]
[EventDate "2001.08.22"]

1.c4 Nf6 2.g3 d6 3.Bg2 e5 4.Nc3 c6 5.Nf3 Be7 6.d4 Nbd7 7.e4 O-O 8.O-O Re8 
9.h3 Qc7 10.d5 Nc5 11.Ne1 Bf8 12.Bg5 Ncd7 13.Nd3 h6 14.Be3 cxd5 15.cxd5 
Nc5 16.b4 Nxd3 17.Qxd3 Bd7 18.Rfc1 Qd8 19.Rc2 a6 20.Rac1 Re7 21.a4 a5 22.
b5 Be8 23.Nd1 Nd7 24.Nb2 b6 25.Nc4 Nc5 26.Bxc5 dxc5 27.Rd2 f6 28.h4 Bd7 
29.Kh2 Rf7 30.Bh3 Bxh3 31.Kxh3 Bd6 32.g4 h5 33.Rg1 hxg4+ 34.Rxg4 Rb8 35.
Qg3 Rbb7 36.Rg6 Bf8 37.f3 Qc8+ 38.Kh2 f5 39.Nxe5 Rfe7 40.d6 Qd8 41.Nc6 1-0

[Event "XXI Festival Conca della Presolana A"]
[Site "Bratto - Castione della Presolana ITA"]
[Date "2001.08.29"]
[Round "8"]
[White "Maksimovic, Suzana"]
[Black "Digiugno, Franco"]
[Result "1-0"]
[WhiteElo "2294"]
[BlackElo "2145"]
[PlyCount "69"]
[EventDate "2001.08.22"]

1.c4 b6 2.Nc3 Bb7 3.e4 e6 4.Nf3 Bb4 5.d3 Bxc3+ 6.bxc3 d6 7.Be2 h6 8.O-O 
Nd7 9.Ne1 Ne7 10.f4 O-O 11.Nc2 f5 12.Nd4 Rf6 13.exf5 Nxf5 14.Bf3 Bxf3 15.
Qxf3 Ne5 16.Qe4 Nxd4 17.fxe5 Rxf1+ 18.Kxf1 Nc2 19.Rb1 d5 20.cxd5 exd5 21.
Qa4 Qe8 22.Qxc2 Qxe5 23.g3 Rf8+ 24.Kg2 Qh5 25.Bf4 g5 26.g4 Qxg4+ 27.Bg3 
Re8 28.Rb2 h5 29.h3 Qe6 30.d4 g4 31.Be5 gxh3+ 32.Kh2 Qg4 33.Qd3 c5 34.Qxh3
cxd4 35.Rg2 1-0

[Event "XXI Festival Conca della Presolana A"]
[Site "Bratto - Castione della Presolana ITA"]
[Date "2001.08.29"]
[Round "8"]
[White "Pagnoncelli, Marco"]
[Black "Ferrari, Nicola"]
[Result "1-0"]
[WhiteElo "2064"]
[BlackElo "2163"]
[PlyCount "79"]
[EventDate "2001.08.22"]

1.e4 c6 2.d4 d5 3.e5 Bf5 4.h4 h5 5.c4 e6 6.Nc3 dxc4 7.Bxc4 Nd7 8.Bg5 Be7 
9.Nf3 Nb6 10.Bb3 Qd7 11.Bxe7 Nxe7 12.Ng5 Ned5 13.Nce4 Bxe4 14.Nxe4 O-O-O 
15.Qd2 Qe7 16.O-O-O Kb8 17.Kb1 f6 18.f4 Qf7 19.Nd6 Rxd6 20.exd6 Rd8 21.Ka1
Rxd6 22.Qf2 f5 23.Rhe1 Nf6 24.Qe2 Nbd5 25.Qe5 Kc7 26.Bxd5 Nxd5 27.Rd3 Qg6 
28.g3 Qf6 29.Qe2 Nb4 30.Rd2 g6 31.a3 Nd5 32.Qc4 Nb6 33.Qb3 Rd5 34.Rde2 
Qxd4 35.Rxe6 Qd2 36.Qe3 Qc2 37.Rxg6 Rd1+ 38.Rxd1 Qxd1+ 39.Ka2 Nd5 40.Qc5 
1-0

[Event "XXI Festival Conca della Presolana A"]
[Site "Bratto - Castione della Presolana ITA"]
[Date "2001.08.29"]
[Round "8"]
[White "Pegoraro, Nicola"]
[Black "Vancini, Edoardo"]
[Result "0-1"]
[WhiteElo "2099"]
[BlackElo "2358"]
[PlyCount "118"]
[EventDate "2001.08.22"]

1.e4 c5 2.Nf3 e6 3.d4 cxd4 4.Nxd4 Nc6 5.Be2 Nf6 6.Nc3 d5 7.exd5 exd5 8.O-O
Be7 9.Re1 O-O 10.Nxc6 bxc6 11.Bf3 Rb8 12.Rb1 Be6 13.Bg5 h6 14.Bf4 Rb4 15.
Qd2 Qb6 16.a3 Rc4 17.Be2 Ne4 18.Nxe4 Rxe4 19.Bd3 Rxe1+ 20.Qxe1 c5 21.c3 
Rd8 22.Qe2 Bf6 23.Re1 c4 24.Bb1 d4 25.cxd4 Bxd4 26.Bc1 Rd5 27.Qf3 Rb5 28.
Qa8+ Qb8 29.Qxb8+ Rxb8 30.Re2 c3 31.b4 a5 32.Bf4 Rc8 33.Bc2 axb4 34.axb4 
g5 35.Be3 Ra8 36.Re1 Be5 37.f3 Bc4 38.g3 Ra2 39.Rc1 Be2 40.Be4 Bc4 41.Rc2 
Ra4 42.Bc5 Ra1+ 43.Kg2 Rd1 44.Be3 Bf6 45.Rc1 Rd8 46.Kf2 Bb5 47.Bc2 Kg7 48.
Rb1 Ra8 49.Rc1 Ra2 50.Ke1 Bc6 51.Ke2 Rb2 52.Bc5 h5 53.Ke3 g4 54.f4 Bb5 55.
Bd6 Ra2 56.Bc5 Ra8 57.Re1 h4 58.Bd6 Re8+ 59.Kf2 Bd4+ 0-1

[Event "XXI Festival Conca della Presolana A"]
[Site "Bratto - Castione della Presolana ITA"]
[Date "2001.08.29"]
[Round "8"]
[White "Podini, Francesco"]
[Black "Eskola, Risto"]
[Result "1/2-1/2"]
[WhiteElo "2072"]
[BlackElo "2148"]
[PlyCount "79"]
[EventDate "2001.08.22"]

1.c4 d6 2.Nc3 e5 3.g3 g6 4.Bg2 Bg7 5.d3 f5 6.e3 Nd7 7.Nge2 Ne7 8.O-O O-O 
9.Rb1 g5 10.f4 h6 11.Bd2 a5 12.a3 Nc5 13.Be1 Ne6 14.b4 axb4 15.axb4 c6 16.
d4 exd4 17.exd4 c5 18.bxc5 dxc5 19.d5 Nd4 20.Nb5 Ra2 21.Nbxd4 cxd4 22.Nxd4
Qc7 23.Rf2 Qxc4 24.Rxa2 Qxa2 25.Nb5 Ng6 26.d6 Be6 27.Nc7 Bf7 28.Rxb7 Rd8 
29.d7 Qc4 30.Bf2 Nf8 31.Nb5 Be6 32.Nd6 Qa2 33.Nxf5 Rxd7 34.Rxd7 Nxd7 35.
Nxg7 Kxg7 36.Qd4+ Kf7 37.f5 Qb1+ 38.Bf1 Bxf5 39.Qc4+ Be6 40.Qd3 1/2-1/2

[Event "XXI Festival Conca della Presolana A"]
[Site "Bratto - Castione della Presolana ITA"]
[Date "2001.08.29"]
[Round "8"]
[White "Rigamonti, Stefano"]
[Black "Ricci, Alfredo"]
[Result "0-1"]
[WhiteElo "1902"]
[BlackElo "2088"]
[PlyCount "80"]
[EventDate "2001.08.22"]

1.e4 c5 2.Nf3 e6 3.d4 cxd4 4.Nxd4 Nf6 5.Nc3 d6 6.Bd3 Nc6 7.Be3 Be7 8.O-O 
O-O 9.f4 e5 10.fxe5 dxe5 11.Nf5 Be6 12.Qf3 Nd4 13.Bxd4 exd4 14.e5 dxc3 15.
Nxe7+ Qxe7 16.exf6 Qxf6 17.Qe4 Qh6 18.bxc3 b6 19.Rf4 f5 20.Qf3 Rae8 21.Rf1
g5 22.Rd4 Kh8 23.Rd6 Qg7 24.Bb5 Qe5 25.Qd3 Re7 26.Rd8 Rf7 27.Rd1 Kg7 28.c4
Qc5+ 29.Kh1 Rxd8 30.Qxd8 Qe7 31.Qd4+ Qf6 32.Qe3 f4 33.Qa3 Bg4 34.Rf1 Be2 
35.Re1 g4 36.Qb4 f3 37.gxf3 Bxf3+ 38.Kg1 Qd4+ 39.Kf1 Be4+ 40.Ke2 Rf2# 0-1

[Event "XXI Festival Conca della Presolana A"]
[Site "Bratto - Castione della Presolana ITA"]
[Date "2001.08.29"]
[Round "8"]
[White "Schaefer, Michael"]
[Black "Radice, Luca"]
[Result "1-0"]
[WhiteElo "2240"]
[BlackElo "2042"]
[PlyCount "73"]
[EventDate "2001.08.22"]

1.d4 e6 2.c4 f5 3.Nf3 d5 4.Nc3 Nf6 5.Bg5 c6 6.e3 Be7 7.Bd3 O-O 8.O-O Bd7 
9.Ne5 Ne4 10.Bxe7 Qxe7 11.Bxe4 fxe4 12.f3 exf3 13.Rxf3 Na6 14.Rh3 Rf6 15.
Qg4 Raf8 16.Qh4 h6 17.Ng6 Qb4 18.Nxf8 Rxf8 19.Qe1 e5 20.Rh4 Qxc4 21.dxe5 
Qc5 22.Qd2 Nc7 23.Ne2 Re8 24.Nd4 Rxe5 25.Rf4 Re8 26.Raf1 Ne6 27.Rf7 Bc8 
28.b4 Qb6 29.Qc3 Ng5 30.Rxg7+ Kxg7 31.Ne6+ Kg6 32.Qg7+ Kh5 33.Nf4+ Kg4 34.
h3+ Kf5 35.Nxd5+ Ke4 36.Nxb6 axb6 37.Qd4# 1-0

[Event "XXI Festival Conca della Presolana A"]
[Site "Bratto - Castione della Presolana ITA"]
[Date "2001.08.29"]
[Round "8"]
[White "Temi, Walter"]
[Black "Jablon, Stephen"]
[Result "1-0"]
[WhiteElo "2067"]
[BlackElo "1844"]
[PlyCount "93"]
[EventDate "2001.08.22"]

1.e4 d5 2.Nc3 dxe4 3.Nxe4 Bf5 4.Qf3 Qd5 5.Nd6+ Qxd6 6.Qxf5 Nc6 7.Bb5 Nf6 
8.Ne2 e6 9.Qf3 Nd5 10.O-O Be7 11.d4 O-O 12.c3 Bf6 13.Ng3 Nce7 14.Ne4 Qb6 
15.Bd3 e5 16.Nxf6+ Qxf6 17.Qe4 Qg6 18.dxe5 c6 19.Qe2 f5 20.f4 Kh8 21.Bd2 
Rfd8 22.Rad1 Rd7 23.Bc2 Rad8 24.Bc1 Qe8 25.Bd2 g6 26.Be1 Nc7 27.Bh4 Rxd1 
28.Bf6+ Kg8 29.Rxd1 Rxd1+ 30.Qxd1 Ned5 31.Bb3 Kf8 32.Bg5 Kg7 33.c4 h6 34.
cxd5 hxg5 35.d6 Nd5 36.Bxd5 cxd5 37.Qxd5 gxf4 38.e6 Qd8 39.Qd4+ Kh7 40.d7 
Qa5 41.b4 Qd8 42.Qd6 Qh4 43.Qd2 Qd8 44.e7 Qb6+ 45.Qf2 Qxb4 46.e8=Q Qb1+ 
47.Qee1 1-0

[Event "XXI Festival Conca della Presolana A"]
[Site "Bratto - Castione della Presolana ITA"]
[Date "2001.08.29"]
[Round "8"]
[White "Valenti, Giuseppe"]
[Black "Mantovani, Renzo"]
[Result "0-1"]
[WhiteElo "2201"]
[BlackElo "2372"]
[PlyCount "68"]
[EventDate "2001.08.22"]

1.e4 e5 2.Nf3 d6 3.d4 Nd7 4.Be2 Ngf6 5.Nc3 Be7 6.O-O O-O 7.Re1 c6 8.a4 Qc7
9.Bf1 b6 10.h3 Bb7 11.Be3 a6 12.g4 h6 13.Bg2 Rfe8 14.Nd2 b5 15.dxe5 dxe5 
16.Qf3 Bc5 17.Nb3 Bxe3 18.Qxe3 b4 19.Ne2 c5 20.Nd2 a5 21.Ng3 Nf8 22.Nf5 
Ne6 23.Bf1 Nd4 24.Bd3 Ba6 25.Nxd4 exd4 26.Qe2 Bb7 27.Qf3 Re7 28.Re2 Nh7 
29.b3 Rae8 30.Rae1 Ng5 31.Qg2 Ne6 32.Bb5 Nf4 33.Qf3 Rf8 34.Nf1 f5 0-1

[Event "XXI Festival Conca della Presolana A"]
[Site "Bratto - Castione della Presolana ITA"]
[Date "2001.08.29"]
[Round "8"]
[White "Valori, Vincenzo"]
[Black "Piva, Giorgio"]
[Result "0-1"]
[WhiteElo "2056"]
[BlackElo "2133"]
[PlyCount "66"]
[EventDate "2001.08.22"]

1.e4 c5 2.Nc3 Nc6 3.f4 g6 4.Nf3 Bg7 5.Bc4 e6 6.O-O Nge7 7.d3 O-O 8.Qe1 d5 
9.Bb3 Na5 10.Qf2 d4 11.Ne2 Nec6 12.Bd2 Nxb3 13.axb3 b6 14.Kh1 a5 15.Ng3 f5
16.Rae1 Ra7 17.Ng5 h6 18.Nf3 Kh7 19.h4 Bh8 20.h5 gxh5 21.Nxh5 Rg8 22.exf5 
exf5 23.Ne5 Nxe5 24.fxe5 Rg4 25.Nf4 Re7 26.e6 Qd6 27.Qe2 Bf6 28.Rf3 Bb7 
29.Nh5 Rh4+ 30.Kg1 Qh2+ 31.Kf2 Rxh5 32.Bf4 Bh4+ 33.Bg3 Bxf3 0-1

[Event "XXI Festival Conca della Presolana A"]
[Site "Bratto - Castione della Presolana ITA"]
[Date "2001.08.30"]
[Round "9"]
[White "Arlandi, Ennio"]
[Black "Sarno, Spartaco"]
[Result "1-0"]
[WhiteElo "2449"]
[BlackElo "2400"]
[PlyCount "59"]
[EventDate "2001.08.22"]

1.d4 d6 2.Nf3 g6 3.c4 f5 4.g3 Nf6 5.Bg2 Bg7 6.O-O O-O 7.d5 c6 8.Nc3 e5 9.
dxe6 Bxe6 10.Qd3 Na6 11.Ng5 Re8 12.Bf4 Qa5 13.Bxd6 Rad8 14.Rad1 Rd7 15.
Nxe6 Rxe6 16.c5 Qb4 17.Bxc6 bxc6 18.Qxa6 Qxb2 19.Rd3 Rxe2 20.Nxe2 Qxe2 21.
Ra3 Qe4 22.Re3 Qd5 23.Rfe1 h5 24.Rd3 Qf7 25.Qxc6 Qxa2 26.Red1 Kh7 27.Qf3 
Ne4 28.c6 Rf7 29.Bf4 Rf6 30.Rc1 1-0

[Event "XXI Festival Conca della Presolana A"]
[Site "Bratto - Castione della Presolana ITA"]
[Date "2001.08.30"]
[Round "9"]
[White "Astengo, Corrado"]
[Black "Menoni, Vincenzo"]
[Result "1/2-1/2"]
[WhiteElo "2103"]
[BlackElo "2252"]
[PlyCount "50"]
[EventDate "2001.08.22"]

1.e4 e6 2.d4 d5 3.Nc3 Bb4 4.e5 c5 5.Bd2 Ne7 6.Nb5 Bxd2+ 7.Qxd2 O-O 8.c3 
Nbc6 9.f4 cxd4 10.cxd4 Nf5 11.Nf3 f6 12.Bd3 a6 13.Bxf5 axb5 14.Bc2 Qa5 15.
Qxa5 Rxa5 16.Ke2 Bd7 17.Bb3 fxe5 18.fxe5 Be8 19.Ke3 h6 20.Rhf1 Bg6 21.Nd2 
Rfa8 22.Rac1 b4 23.g3 Rb5 24.Nf3 Be4 25.Ne1 Rb6 1/2-1/2

[Event "XXI Festival Conca della Presolana A"]
[Site "Bratto - Castione della Presolana ITA"]
[Date "2001.08.30"]
[Round "9"]
[White "Bozzali, Ermanno"]
[Black "Paoli, Enrico"]
[Result "0-1"]
[WhiteElo "2099"]
[BlackElo "2021"]
[PlyCount "92"]
[EventDate "2001.08.22"]

1.d4 d5 2.Nf3 Nf6 3.Bf4 e6 4.e3 Nbd7 5.Nbd2 Be7 6.Ne5 O-O 7.Bd3 Re8 8.c3 
Nf8 9.h3 Bd7 10.g4 Bc6 11.Qc2 Ng6 12.Bg3 a5 13.O-O-O a4 14.Rdg1 Ra5 15.h4 
Bb5 16.h5 Nxe5 17.Bxe5 Bxd3 18.Qxd3 Nd7 19.g5 Nxe5 20.dxe5 Bxg5 21.f4 Bh6 
22.Nf3 Qd7 23.Qc2 c5 24.Rh4 Kh8 25.Rhg4 Rg8 26.Ng5 Bxg5 27.Rxg5 h6 28.R5g3
Qe7 29.Qg2 f5 30.c4 dxc4 31.Rg6 Raa8 32.Qc2 a3 33.Qxc4 axb2+ 34.Kxb2 Ra6 
35.R1g2 Rb6+ 36.Kc1 Qh4 37.R6g3 Qxh5 38.e4 fxe4 39.Qxe4 Qh1+ 40.Kd2 Rd8+ 
41.Ke3 Rb1 42.Re2 Qc1+ 43.Kf3 Rd4 44.Qe3 Qh1+ 45.Kg4 g6 46.Rgg2 g5 0-1

[Event "XXI Festival Conca della Presolana A"]
[Site "Bratto - Castione della Presolana ITA"]
[Date "2001.08.30"]
[Round "9"]
[White "Dervishi, Erald"]
[Black "Foisor, Ovidiu-Doru"]
[Result "1-0"]
[WhiteElo "2491"]
[BlackElo "2400"]
[PlyCount "107"]
[EventDate "2001.08.22"]

1.e4 e6 2.d4 d5 3.Nd2 Nf6 4.e5 Nfd7 5.Bd3 c5 6.c3 b6 7.Nh3 Ba6 8.Bxa6 Nxa6
9.O-O Nc7 10.Qg4 a5 11.Nf3 g6 12.Bg5 Be7 13.Bh6 Bf8 14.Bxf8 Rxf8 15.dxc5 
bxc5 16.c4 Rb8 17.cxd5 Rb4 18.Qg3 Nxd5 19.Rad1 Rg8 20.Rfe1 h5 21.Rxd5 Rg4 
22.Rd6 Rxg3 23.hxg3 g5 24.Red1 g4 25.Nhg5 gxf3 26.Ne4 Rg6 27.Nxc5 Kf8 28.
Nxd7+ Kg7 29.Nf6 Qb8 30.Nxh5+ Kh6 31.Nf6 Qxb2 32.gxf3 Qxa2 33.Rd8 Rxf6 34.
exf6 Kg6 35.Kg2 Kxf6 36.R1d7 e5 37.Ra7 e4 38.fxe4 Qa4 39.Rd6+ Kg7 40.Re7 
Qb4 41.Rdd7 Qc4 42.Rc7 Qb3 43.Red7 a4 44.Rd4 Qb6 45.Rcc4 a3 46.Ra4 Qb3 47.
Ra7 a2 48.Rda4 Qd3 49.Kh2 Kg6 50.Rxa2 Qxe4 51.R7a4 Qf3 52.Rf4 Qh5+ 53.Rh4 
Qb5 54.Ra3 1-0

[Event "XXI Festival Conca della Presolana A"]
[Site "Bratto - Castione della Presolana ITA"]
[Date "2001.08.30"]
[Round "9"]
[White "Drazic, Sinisa"]
[Black "Borgo, Giulio"]
[Result "1/2-1/2"]
[WhiteElo "2480"]
[BlackElo "2428"]
[PlyCount "172"]
[EventDate "2001.08.22"]

1.e4 c5 2.Nf3 e6 3.c3 Nf6 4.e5 Nd5 5.g3 d6 6.exd6 Bxd6 7.Bg2 Nd7 8.O-O O-O
9.d4 Qc7 10.Nbd2 Rd8 11.Qe2 N7f6 12.Rd1 Bd7 13.dxc5 Qxc5 14.c4 Nb6 15.b3 
Bc6 16.Bb2 Be7 17.Ne5 Bxg2 18.Kxg2 Nbd7 19.Ndf3 Nxe5 20.Nxe5 Rxd1 21.Rxd1 
Rd8 22.Rxd8+ Bxd8 23.Qf3 Qc7 24.b4 Ne8 25.c5 Bf6 26.Nc4 Bxb2 27.Nxb2 Nf6 
28.Nc4 Nd5 29.a3 b6 30.Ne3 Nxe3+ 31.fxe3 Kf8 32.Qa8+ Ke7 33.c6 b5 34.e4 
Kd6 35.Qf8+ Kxc6 36.Qc5+ Kd7 37.Qxb5+ Ke7 38.Qg5+ Ke8 39.Qb5+ Ke7 40.Qd3 
Qc1 41.b5 Qb2+ 42.Kh3 h5 43.Qe3 Kf6 44.Qf3+ Kg6 45.a4 Qd2 46.Qf4 Qd3 47.
Kh4 f6 48.g4 Qd1 49.gxh5+ Qxh5+ 50.Kg3 Qc5 51.e5 fxe5 52.Qg4+ Kf6 53.Qh4+ 
Kg6 54.Qg4+ Kf6 55.Qh4+ Kf7 56.Qh5+ Kf8 57.Qh8+ Kf7 58.Qh5+ g6 59.Qh7+ Kf6
60.Qh4+ Kf5 61.Qg4+ Kf6 62.Qh4+ Kg7 63.Qe4 Kf7 64.h4 Ke7 65.Kf3 Qd5 66.Ke3
Kd6 67.Qb4+ Qc5+ 68.Qxc5+ Kxc5 69.Ke4 Kb4 70.Kxe5 Kxa4 71.Kf6 e5 72.Kxg6 
e4 73.h5 e3 74.h6 e2 75.h7 e1=Q 76.h8=Q Qb1+ 77.Kg5 Qxb5+ 78.Kf4 Kb3 79.
Qh3+ Kb4 80.Ke3 Qd5 81.Qh4+ Kb3 82.Qh7 Qc5+ 83.Kd2 Qd4+ 84.Kc1 a5 85.Qb1+ 
Ka3 86.Qd3+ Qxd3 1/2-1/2

[Event "XXI Festival Conca della Presolana A"]
[Site "Bratto - Castione della Presolana ITA"]
[Date "2001.08.30"]
[Round "9"]
[White "Everet, Alexandro"]
[Black "Capata, Ion"]
[Result "1/2-1/2"]
[WhiteElo "2308"]
[BlackElo "1948"]
[PlyCount "101"]
[EventDate "2001.08.22"]

1.e4 e5 2.Bc4 Bc5 3.Nf3 Nc6 4.c3 Nf6 5.d4 exd4 6.e5 d5 7.exf6 dxc4 8.fxg7 
Rg8 9.O-O Rxg7 10.Re1+ Be6 11.Bf4 Qd7 12.cxd4 O-O-O 13.Nc3 Bxd4 14.Qe2 
Bxc3 15.bxc3 Qd3 16.Ng5 Qxe2 17.Rxe2 Rdg8 18.Nxe6 Rxg2+ 19.Kh1 fxe6 20.Bg3
R2xg3 21.hxg3 Kd7 22.Re4 b5 23.Rh4 Rg7 24.Kg2 Ne7 25.Rah1 Nd5 26.Rxh7 Rxh7
27.Rxh7+ Kd6 28.g4 Nxc3 29.g5 Nd5 30.Kf3 c3 31.Ke2 e5 32.Kd3 Ke6 33.a3 a5 
34.g6 b4 35.Kc2 bxa3 36.Kb3 a2 37.Kxa2 a4 38.Ka3 e4 39.Rh4 Kf6 40.Rg4 Kg7 
41.Rxe4 Kxg6 42.Re5 c6 43.Re6+ Kf5 44.Rxc6 Ke4 45.Kxa4 Kf3 46.Rc5 Nf4 47.
Rf5 c2 48.Rc5 c1=Q 49.Rxc1 Kxf2 50.Kb3 Ke3 51.Kc4 1/2-1/2

[Event "XXI Festival Conca della Presolana A"]
[Site "Bratto - Castione della Presolana ITA"]
[Date "2001.08.30"]
[Round "9"]
[White "Farina, Saverio"]
[Black "Schaefer, Michael"]
[Result "0-1"]
[WhiteElo "2126"]
[BlackElo "2240"]
[PlyCount "80"]
[EventDate "2001.08.22"]

1.c4 Nf6 2.Nc3 c5 3.e3 g6 4.d4 Bg7 5.Nf3 O-O 6.Be2 b6 7.O-O Bb7 8.b3 cxd4 
9.Nxd4 Nc6 10.Nxc6 Bxc6 11.Bb2 Ne4 12.Rc1 Qb8 13.Qc2 Nxc3 14.Bxc3 Bxc3 15.
Qxc3 Qb7 16.f3 Rac8 17.Qe5 d6 18.Qg3 Qa6 19.Rc2 Qa5 20.Rb1 Bd7 21.b4 Qa4 
22.Rd2 Be6 23.Qh4 Rc7 24.Rbb2 Rfc8 25.Rd4 Qa3 26.Rb3 Qxa2 27.Bd1 Rxc4 28.
Rbd3 Rxd4 29.Rxd4 Rc1 30.Qxe7 Qe2 31.Qd8+ Kg7 32.Qh4 Rxd1+ 33.Rxd1 Qxd1+ 
34.Kf2 Qd2+ 35.Kf1 Qc2 36.b5 Qb1+ 37.Kf2 Qxb5 38.Qd4+ Qe5 39.Qd2 h6 40.h4 
b5 0-1

[Event "XXI Festival Conca della Presolana A"]
[Site "Bratto - Castione della Presolana ITA"]
[Date "2001.08.30"]
[Round "9"]
[White "Foisor, Cristina-Adela"]
[Black "Lanzani, Mario"]
[Result "1-0"]
[WhiteElo "2423"]
[BlackElo "2380"]
[PlyCount "39"]
[EventDate "2001.08.22"]

1.Nf3 Nf6 2.g3 d5 3.Bg2 e6 4.O-O Be7 5.c4 O-O 6.d4 Nbd7 7.Qc2 c6 8.Rd1 b6 
9.b3 Ba6 10.Nbd2 Rc8 11.e4 c5 12.exd5 exd5 13.Nf1 dxc4 14.d5 Bd6 15.Ne3 b5
16.bxc4 bxc4 17.Bb2 c3 18.Bxc3 Re8 19.Re1 Ne4 20.Bxg7 1-0

[Event "XXI Festival Conca della Presolana A"]
[Site "Bratto - Castione della Presolana ITA"]
[Date "2001.08.30"]
[Round "9"]
[White "Friedrich, Norbert"]
[Black "Maksimovic, Suzana"]
[Result "1/2-1/2"]
[WhiteElo "2275"]
[BlackElo "2294"]
[PlyCount "96"]
[EventDate "2001.08.22"]

1.e4 c5 2.Nf3 Nc6 3.d4 cxd4 4.Nxd4 Nf6 5.Nc3 e6 6.Ndb5 d6 7.Bf4 e5 8.Bg5 
a6 9.Na3 b5 10.Nd5 Be7 11.Bxf6 Bxf6 12.c3 O-O 13.Nc2 Bg5 14.a4 bxa4 15.
Rxa4 a5 16.Bb5 Bb7 17.Qg4 Rb8 18.b3 Nd4 19.Nxd4 Bxd5 20.exd5 exd4 21.c4 
Qf6 22.Ra2 d3 23.O-O g6 24.Rd1 h5 25.Qe4 d2 26.Qd3 Qe5 27.g3 Qe1+ 28.Qf1 
Qe4 29.Ba4 Qf3 30.Rb1 Rb7 31.Qd1 Qxd1+ 32.Rxd1 Re7 33.Kf1 Re4 34.f4 Bf6 
35.Raxd2 Bc3 36.Re2 Rxe2 37.Kxe2 Bb4 38.Rd4 Kg7 39.Kf3 Kf6 40.Re4 Rb8 41.
h3 Rb7 42.g4 hxg4+ 43.hxg4 g5 44.Bc6 Ra7 45.Re2 Ba3 46.Ra2 Bb4 47.Rh2 gxf4
48.Kxf4 Re7 1/2-1/2

[Event "XXI Festival Conca della Presolana A"]
[Site "Bratto - Castione della Presolana ITA"]
[Date "2001.08.30"]
[Round "9"]
[White "Guido, Flavio"]
[Black "Cugini, Verter"]
[Result "1/2-1/2"]
[WhiteElo "2379"]
[BlackElo "2207"]
[PlyCount "97"]
[EventDate "2001.08.22"]

1.e4 e6 2.d4 d5 3.e5 c5 4.c3 Nc6 5.Nf3 Qb6 6.a3 c4 7.g3 f6 8.Qe2 fxe5 9.
Nxe5 Nxe5 10.Qxe5 Nf6 11.Bg2 Bd6 12.Qe2 O-O 13.O-O Bd7 14.Nd2 Rae8 15.Nf3 
Qb3 16.Ne5 Ba4 17.f4 Qc2 18.Rf2 Qxe2 19.Rxe2 Bd1 20.Rf2 Bxe5 21.dxe5 Ng4 
22.Rd2 Ba4 23.Bf3 Nh6 24.Rf2 Nf5 25.g4 Nh4 26.Bh1 h5 27.h3 hxg4 28.hxg4 
Bd1 29.Kh2 g5 30.Kg3 Ng6 31.f5 Nxe5 32.fxe6 Rxf2 33.Kxf2 Bxg4 34.Bxg5 Bxe6
35.Ke3 Nc6 36.Kd2 Rf8 37.Be3 Kf7 38.Rg1 Ke8 39.Rg5 Rg8 40.Bxd5 Rxg5 41.
Bxc6+ bxc6 42.Bxg5 Kd7 43.Ke3 Kc7 44.Bf6 Kb7 45.Bd4 Bd5 46.Kf4 Bg8 47.Ke5 
Bd5 48.Kd6 Bg8 49.Kc5 1/2-1/2

[Event "XXI Festival Conca della Presolana A"]
[Site "Bratto - Castione della Presolana ITA"]
[Date "2001.08.30"]
[Round "9"]
[White "Jablon, Stephen"]
[Black "Capece, Adolivio"]
[Result "1-0"]
[WhiteElo "1844"]
[BlackElo "2073"]
[PlyCount "81"]
[EventDate "2001.08.22"]

1.d4 Nf6 2.Bg5 c6 3.Nc3 d5 4.e4 Nxe4 5.Nxe4 dxe4 6.Qd2 Be6 7.f3 e3 8.Qxe3 
Na6 9.a3 Qa5+ 10.c3 Bb3 11.Bd3 Nc7 12.Ne2 Nd5 13.Qd2 Nb6 14.Nc1 Bc4 15.b3 
Bxd3 16.Nxd3 h6 17.Bh4 e6 18.O-O Bd6 19.f4 Qh5 20.Qf2 g5 21.Bg3 Nd5 22.c4 
Ne7 23.h3 Rg8 24.Ne5 Nf5 25.Ng4 Ke7 26.Bh2 Rad8 27.d5 cxd5 28.Qxa7 dxc4 
29.Qxb7+ Rd7 30.Qxd7+ Kxd7 31.Nf6+ Ke7 32.Nxh5 cxb3 33.Rab1 Nd4 34.a4 g4 
35.Rfd1 gxh3 36.Ng3 Bc5 37.Kf1 hxg2+ 38.Kxg2 h5 39.Kh3 Ra8 40.Bg1 Rxa4 41.
Bxd4 1-0

[Event "XXI Festival Conca della Presolana A"]
[Site "Bratto - Castione della Presolana ITA"]
[Date "2001.08.30"]
[Round "9"]
[White "Luchsinger, Eric"]
[Black "Valenti, Giuseppe"]
[Result "1/2-1/2"]
[WhiteElo "2094"]
[BlackElo "2201"]
[PlyCount "21"]
[EventDate "2001.08.22"]

1.c4 Nf6 2.g3 e6 3.Bg2 c5 4.Nf3 d5 5.cxd5 Nxd5 6.Nc3 Nc6 7.Nxd5 Qxd5 8.O-O
Be7 9.d3 O-O 10.Be3 Qh5 11.Rc1 1/2-1/2

[Event "XXI Festival Conca della Presolana A"]
[Site "Bratto - Castione della Presolana ITA"]
[Date "2001.08.30"]
[Round "9"]
[White "Mantovani, Renzo"]
[Black "Belotti, Bruno"]
[Result "1/2-1/2"]
[WhiteElo "2372"]
[BlackElo "2405"]
[PlyCount "21"]
[EventDate "2001.08.22"]

1.c4 Nf6 2.Nf3 c6 3.d4 d5 4.cxd5 cxd5 5.Nc3 Nc6 6.Bf4 Bf5 7.e3 e6 8.Bd3 
Bxd3 9.Qxd3 Be7 10.O-O O-O 11.h3 1/2-1/2

[Event "XXI Festival Conca della Presolana A"]
[Site "Bratto - Castione della Presolana ITA"]
[Date "2001.08.30"]
[Round "9"]
[White "Mauro, Alan"]
[Black "De Santis, Alessio"]
[Result "0-1"]
[WhiteElo "2245"]
[BlackElo "2353"]
[PlyCount "40"]
[EventDate "2001.08.22"]

1.e4 c5 2.Nf3 e6 3.d4 cxd4 4.Nxd4 a6 5.Bd3 Qc7 6.O-O Nf6 7.Kh1 h5 8.h3 Bc5
9.Nf3 Ng4 10.Qe2 Nc6 11.g3 h4 12.hxg4 Nd4 13.Nxd4 hxg3+ 14.Kg2 Rh2+ 15.Kf3
Bxd4 16.Bf4 Qd8 17.Kxg3 Qh4+ 18.Kf3 Qh3+ 19.Bg3 Qg2+ 20.Kf4 e5+ 0-1

[Event "XXI Festival Conca della Presolana A"]
[Site "Bratto - Castione della Presolana ITA"]
[Date "2001.08.30"]
[Round "9"]
[White "Nieus, Thierry"]
[Black "Sbarra, Marco"]
[Result "1/2-1/2"]
[WhiteElo "1914"]
[BlackElo "2305"]
[PlyCount "48"]
[EventDate "2001.08.22"]

1.e4 c5 2.c3 b6 3.d4 Bb7 4.Bd3 Nf6 5.Nd2 cxd4 6.cxd4 g6 7.Ngf3 Bg7 8.O-O 
O-O 9.e5 Nd5 10.Ne4 Na6 11.Bg5 h6 12.Bh4 Nf4 13.Bb1 Nc7 14.Bg3 Nfe6 15.Nc3
Nd5 16.Nxd5 Bxd5 17.Nh4 d6 18.Re1 Rc8 19.Be4 Bxe4 20.Rxe4 d5 21.Re3 Rc4 
22.Rd3 Qc8 23.f4 Nd8 24.Bf2 Kh7 1/2-1/2